The real wealth of nations

This book The Real Wealth of Nations because it shows that our most important economic assets are not financial - that the real wealth of nations consists of the contributions of people and our natural environment....To address the needs of our world today, we have to bring together knowledge from m...

Πλήρης περιγραφή

Αποθηκεύτηκε σε:
Λεπτομέρειες βιβλιογραφικής εγγραφής
Κύριος συγγραφέας: Eyre, S. R.
Μορφή: Βιβλίο
Γλώσσα:Undetermined
Έκδοση: New York St. Martin's Press 1978
Θέματα:
Ετικέτες: Προσθήκη ετικέτας
Δεν υπάρχουν, Καταχωρήστε ετικέτα πρώτοι!
Thư viện lưu trữ: Trung tâm Học liệu Trường Đại học Cần Thơ
LEADER 00949nam a2200193Ia 4500
001 CTU_227908
008 210402s9999 xx 000 0 und d
082 |a 333 
082 |b E98 
100 |a Eyre, S. R. 
245 4 |a The real wealth of nations 
245 0 |c S. R. Eyre 
260 |a New York 
260 |b St. Martin's Press 
260 |c 1978 
520 |a This book The Real Wealth of Nations because it shows that our most important economic assets are not financial - that the real wealth of nations consists of the contributions of people and our natural environment....To address the needs of our world today, we have to bring together knowledge from many areas. It is a book for everyone who wants a better life and a better world, and is looking for practical tools to realize these goals. 
650 |a Tài nguyên thiên nhiên,Natural resources 
910 |b dqhieu 
980 |a Trung tâm Học liệu Trường Đại học Cần Thơ